Welcome to CU Library Online Public Access Catalogue (OPAC)

AFTER JUNIOR HIGH,WHAT NEXT (Record no. 9128)

MARC details
000 -LEADER
fixed length control field 00364nam a2200157 4500
005 - DATE AND TIME OF LATEST TRANSACTION
control field 20260319085412.0
008 - FIXED-LENGTH DATA ELEMENTS--GENERAL INFORMATION
fixed length control field CU66
020 ## - INTERNATIONAL STANDARD BOOK NUMBER
International Standard Book Number 9988828411
050 ## - LIBRARY OF CONGRESS CALL NUMBER
Classification number LB 1027.5 MIC
100 ## - MAIN ENTRY--PERSONAL NAME
Personal name MICAH GLADYS S.
245 ## - TITLE STATEMENT
Title AFTER JUNIOR HIGH,WHAT NEXT
260 ## - PUBLICATION, DISTRIBUTION, ETC.
Place of publication, distribution, etc. CAPE COAST
Name of publisher, distributor, etc. IDTM PUBLICATIONS
Date of publication, distribution, etc. 2007
300 ## - PHYSICAL DESCRIPTION
Extent 86p.,TABLES
500 ## - GENERAL NOTE
General note APPENDIX
942 ## - ADDED ENTRY ELEMENTS (KOHA)
Source of classification or shelving scheme Library of Congress Classification
Koha item type Books
Suppress in OPAC No
999 ## -
-- 9128
-- 9128
Holdings
Withdrawn status Lost status Source of classification or shelving scheme Damaged status Not for loan Home library Current library Shelving location Date acquired Total checkouts Full call number Barcode Date last seen Price effective from Koha item type
    Library of Congress Classification     Graduate Library (Christ Temple) Graduate Library (Christ Temple) General stacks 03/19/2026   LB 1027.5 MIC gsct00003313 03/19/2026 03/19/2026 Books
© 2023-2024 Copyright: Central University Libraries. All Rights Reserved | Created by: Mahone Tech Office